000 01455cam a2200349 i 4500
999 _c9540
_d9540
001 19271598
003 GBCCL
005 20241126110714.0
008 160912s2016 ilu b 000 0 eng
010 _a 2016041775
020 _a9780830844685 (pbk. : alk. paper)
040 _aDLC
_beng
_cDLC
_erda
_dDLC
042 _apcc
050 0 0 _aBS600.3
_b.S67 2016
082 0 0 _a220.071
_223
_bSPR
100 1 _aSproul, R. C.
_q(Robert Charles),
_d1939-
_eauthor.
_91291
245 1 0 _aKnowing scripture /
_cR.C. Sproul ; foreword by J.I. Packer.
250 _aExpanded edition.
264 1 _aDowners Grove :
_bIVP Books an imprint of InterVarsity Press,
_c[2016]
300 _a152 pages ;
_c20 cm
336 _atext
_btxt
_2rdacontent
337 _aunmediated
_bn
_2rdamedia
338 _avolume
_bnc
_2rdacarrier
504 _aIncludes bibliographical references.
630 0 0 _aBible
_xStudy and teaching.
_9498
630 0 0 _aBible
_xHermeneutics.
_91790
700 1 _aPacker, J. I.,
_ewriter of foreword.
_91508
776 0 8 _iOnline version:
_aSproul, R. C. (Robert Charles), 1939- author.
_tKnowing Scripture
_bExpanded Edition.
_dDowners Grove : InterVarsity Press, 2016
_z9780830893294
_w(DLC) 2016044087
906 _a7
_bcbc
_corignew
_d1
_eecip
_f20
_gy-gencatlg
942 _2ddc
_cBK
_02